000
00292nam a22001217a 4500
082
_a
894.812
_b
JAN/K
100
_a
JANU
245
_a
KUTTIYUM POOMBATTAYUM
246
_a
KUTTIYUM POOMBATTAYUM
_b
KUTTIYUM POOMBATTAYUM
260
_a
THRISSUR
_b
KSSP
_c
2023
650
_a
MALAYALAM STORY
942
_c
BK
999
_c
9133
_d
9133